Online
Catalog

Cuentos del Mexico antiguo / (Record no. 19148)

MARC details
000 -CABECERA
campo de control de longitud fija 01121cam a22002291 4500
001 - NÚMERO DE CONTROL
campo de control 000019632
005 - FECHA Y HORA DE LA ÚLTIMA TRANSACCIÓN
campo de control 20200929170101.0
008 - DATOS DE LONGITUD FIJA--INFORMACIÓN GENERAL
campo de control de longitud fija 791205s1939 ag 000 0 spa
040 ## - FUENTE DE LA CATALOGACIÓN
Centro catalogador/agencia de origen DO-SdBNP
Centro/agencia transcriptor ICRC
Centro/agencia modificador OCoLC
-- DLC
-- BNPHU
082 ## - NÚMERO DE LA CLASIFICACIÓN DECIMAL DEWEY
Número de clasificación M861.42
Número de documento/Ítem V181c
049 ## - FONDOS LOCALES (OCLC)
Fondos de biblioteca BNGR
100 1# - ENTRADA PRINCIPAL--NOMBRE DE PERSONA
Nombre de persona Valle-Arizpe, Artemio de,
Fechas asociadas al nombre 1884-1961.
9 (RLIN) 42077
245 10 - MENCIÓN DE TÍTULO
Título Cuentos del Mexico antiguo /
Mención de responsabilidad, etc. Artemio de Valle-Arizpe.
260 ## - PUBLICACIÓN, DISTRIBUCIÓN, ETC.
Lugar de publicación, distribución, etc. Buenos Aires,
-- Mexico :
Nombre del editor, distribuidor, etc. Espasa-Calpe,
Fecha de publicación, distribución, etc. 1939.
300 ## - DESCRIPCIÓN FÍSICA
Extensión 172 p. ;
Dimensiones 18 cm.
490 1# - MENCIÓN DE SERIE
Mención de serie Austral. Azul : novelas y cuentos en general ;
Designación de volumen o secuencia 53
505 0# - NOTA DE CONTENIDO CON FORMATO
Nota de contenido con formato Vida ejemplar.--El tesoro.--Las flores del pino.--Por ir al mal fue al bien.--El que hace dano no espere premio.--No empobrece el prometer.--Crimen y castigo.--Muy tarde le llega al pobre la dicha.--La perla del Senor.--Los desparecidos.--Promesa cumplida.--El destino manda.--Luz y sombra.--La salvadora.--La perdida de la escala.--La Santiaguita.
650 #4 - PUNTO DE ACCESO ADICIONAL DE MATERIA--TÉRMINO DE MATERIA
Término de materia o nombre geográfico como elemento de entrada Cuentos mexicanos
9 (RLIN) 11371
650 #4 - PUNTO DE ACCESO ADICIONAL DE MATERIA--TÉRMINO DE MATERIA
Término de materia o nombre geográfico como elemento de entrada Literatura mexicana
9 (RLIN) 1922
830 #0 - PUNTO DE ACCESO ADICIONAL DE SERIE-TÍTULO UNIFORME
Título uniforme Austral. Azul : novelas y cuentos en general ;
Designación de volumen o secuencia 53
9 (RLIN) 22386
910 ## - DATOS DE OPCIÓN DEL USUARIO (OCLC)
Datos de opción del usuario Catalogación derivada / LC
Holdings
Estado de retiro Estado de pérdida Restricciones de uso No para préstamo Código de colección Localización permanente Ubicación/localización actual Ubicación en estantería Fecha de adquisición Número de inventario Total de préstamos Signatura topográfica completa Código de barras Fecha visto por última vez Precio válido a partir de Tipo de ítem Koha
      Excluido de préstamo Monografías: Libros y Folletos General General En catalogación 01.07.2010 LF1   M861.42 V181c 19632-10 25.06.2020 25.06.2020 No se presta

Powered by Koha